000 00595cab a2200229 4500
001 X97541
008 090401t1999 xxu||||| |||| 00| 0 eng d
035 _a(Sirsi) u92221
041 _aeng
245 _aRights of common-Transfer
260 _c1999
350 _a0
490 _aEstates Gazette Case Summaries
_v[1999] EGCS 28 (1)
650 _aBETTISON AND ANOTHER V LANGTON AND OTHERS
650 _aCOMMONS REGISTRATION ACT 1965
650 _aGRAZING RIGHTS
650 _aRIGHTS OF COMMON
650 _aTRANSFER
690 _aRURAL PRACTICE
942 _n0
948 _c18/03/1999
999 _c58471
_d58471